| 000 | 01584cam a22003734i 4500 | ||
|---|---|---|---|
| 003 | PE-LiUPU | ||
| 005 | 20250822091007.0 | ||
| 008 | 1988s1988 br a rb 000 0 por d | ||
| 020 | _z[Sin ISBN] | ||
| 035 | _aPE-LiUPU46597 | ||
| 040 |
_aPE-LiUPU _bpor _cPE-LiUPU _erda |
||
| 041 | 1 |
_apor _heng |
|
| 082 | 0 | 4 |
_a248.4 _bR292o _223 |
| 100 |
_aRebok, Denton E., _eautor. _96695 |
||
| 240 | 1 | 0 |
_aGod's gold in my hand. _lPortugués |
| 245 | 1 | 0 |
_aO ouro de Deus em minha mão / _cpor Denton E. Rebok. |
| 264 | 1 |
_aTatuí, SP : _bCasa Publicadora Brasileira, _c1988. |
|
| 300 |
_a117 páginas : _bilustraciones ; _c20 cm |
||
| 336 |
_atext _2rdacontent |
||
| 337 |
_aunmediated _2rdamedia |
||
| 338 |
_avolume _2rdacarrier |
||
| 500 | _aTraducción del original en inglés: "God's gold in my hand". | ||
| 504 | _aIncluye apéndice. | ||
| 505 | 0 | _aPergunte a Alguém Que Sabe -- Provando as Promessas de Deus -- Deus e Seu Ouro -- Meu Deus e Meu Ouro -- O Plano de Deus Para o Homem -- Que Há em Minha Mão? -- Faça uma Prova -- Vale a Pena Ser Fiel -- Apêndice. | |
| 546 | _aTexto en portugués, traducido del inglés. | ||
| 650 | 1 | 4 |
_aMayordomía cristiana _xAspectos bíblicos. _96696 |
| 650 | 2 | 0 |
_aDiezmos y ofrendas _xDoctrina cristiana. _96697 |
| 650 | 1 | 4 |
_aFidelidad (Teología) _xTestimonios. _96698 |
| 700 |
_aWaldvogel, Isolina A., _etraductora. _96699 |
||
| 710 |
_aCasa Publicadora Brasileira, _eeditor. _96700 |
||
| 942 |
_2ddc _cBK |
||
| 980 |
_818226 _gJaime Vilcazán Jefe de Análisis Documental |
||
| 999 |
_c23359 _d23359 |
||